Quick Pick: Mario Series Games Quiz Stats

 Plays Quiz Updated Aug 9, 2016

Challenge
Share
Tweet
Embed
Score 0/8 Timer 01:00
1 Play Today
% Correct
Nintendo 64
86.4%
Nintendo 3DS
74.3%
NES
70%
Nintendo Wii
69.8%
GameCube
64.4%
SNES
61%
Game Boy
54.6%
Nintendo DS
53%

Today's Daily Dose

You're not logged in!

Compare scores with friends on all Sporcle quizzes.
OR
Log In

You Might Also Like...

Show Comments

Extras

Top Quizzes Today


Score Distribution

Your Account Isn't Verified!

In order to create a playlist on Sporcle, you need to verify the email address you used during registration. Go to your Sporcle Settings to finish the process.

Report this User

Report this user for behavior that violates our Community Guidelines.

Details: